Szczegóły MARC21

Geografia w ujęciu humanistycznym : wybór prac Krystyny Rembowskiej /

003 -Nazwa inst., której nr kontr. jest w polu 001 [,]
    • @
    • Nazwa instytucji, której n kontrolny jest w polu 001
    • NUKAT
005 -DATA I CZAS OSTATNIEJ MODYFIKACJI [,]
    • @
    • pole kontrolne
    • 20241231115330.0
020 -Międzynarod. znormalizowany nr książki - ISBN [ , ]
    • a
    • Numer ISBN
    • 9788375259520 Find
020 -Międzynarod. znormalizowany nr książki - ISBN [ , ]
    • a
    • Numer ISBN
    • 9788375256345 Find
040 -Instytucja sporządzająca opis [ , ]
    • a
    • Instytucja, która sporządziła opis (NP)
    • Ł U/AP
    • c
    • Instytucja, która sporządziła rekord (NP)
    • Ł U/AP
    • d
    • Instytucja, która zmodyfikowała rekord (P)
    • Ł U/AP
    • d
    • Instytucja, która zmodyfikowała rekord (P)
    • KR U/PAWs
    • d
    • Instytucja, która zmodyfikowała rekord (P)
    • Ł U/JSs
    • d
    • Instytucja, która zmodyfikowała rekord (P)
    • TOR U/WS
942 -Rodzaj dokumentu [ , ]
    • c
    • Rodzaj dokumentu
    • Książka
100 -Hasło główne - nazwa osobowa [1, ]
    • a
    • Nazwa osobowa (NP)
    • Rembowska, Krystyna.
    • 9
    • KHW
    • 65880
245 -Strefa tytułu i oznaczenia odpowiedzialności [1,0]
    • a
    • Tytuł
    • Geografia w ujęciu humanistycznym : Find
    • b
    • Ciąg dalszy tytułu (NP)
    • wybór prac Krystyny Rembowskiej / Find
    • c
    • Pozostałe elementy strefy tytułu i oznaczenia odpowiedzialności (NP)
    • [red. Andrzej Suliborski].
260 -Strefa adresu wydawniczego [ , ]
    • a
    • Miejsce wydania (P)
    • Łódź :
    • b
    • Nazwa wydawcy (P)
    • Wydawnictwo Uniwersytetu Łódzkiego,
    • c
    • Data wydania (P)
    • 2013.
300 -Strefa opisu fizycznego [ , ]
    • a
    • Określenie formy książki i/lub objętość (NP)
    • 284 s., [1] k. tabl. :
    • b
    • Oznaczenie ilustracji (NP)
    • il. ;
    • c
    • Format (NP)
    • 25 cm.
336 -Typ zawartości [ , ]
    • a
    • Termin opisujący typ zawartości
    • Tekst
    • b
    • Kod określający zawartość
    • txt
    • 2
    • Źródło (terminu i kodu)
    • rdacontent
337 -Typ mediów [ , ]
    • a
    • Tryb odtwarzania
    • Bez urządzenia pośredniczącego
    • b
    • Kod typu mediów
    • n
    • 2
    • Źródło (terminu i kodu)
    • rdamedia
338 -Typ/rodzaj nośnika [ , ]
    • a
    • Hasło opisujące typ nośnika
    • Wolumin
    • b
    • Kod typu nośnika
    • nc
    • 2
    • Źródło (terminu i kodu)
    • rdacarrier
504 -Uwaga dot. bibliogr. załącznikowej [ , ]
    • a
    • Uwaga dot. bibliografii załącznikowej
    • Bibliogr. przy pracach. Wykaz publikacji Krystyny Rembowskiej s. [279]-284.
530 -Uwaga dot. innej postaci fizycznej dokumentu [ , ]
    • a
    • Uwaga dot. innej postaci fizycznej dokumentu
    • Dostępne również w postaci elektronicznej.
080 -Uniwersalna Klasyfikacja Dziesiętna [ , ]
    • 2
    • Identyfikator wydania tablic
    • UDC-P058
    • 9
    • UKD
    • 2714
    • a
    • Symbol klasyfikacji
    • 308
    • b
    • Dopowiedzenie
    • Socjografia. Sytuacja społeczna poszczególnych krajów, narodów i ras (ogólnie).
    • 4
    • UKD2
    • 8281
    • x
    • Poddział wspólny
    • (081.2)
    • c
    • Dopowiedzenie poddz. wspólnego
    • (Dzieła wybrane jednego autora).
080 -Uniwersalna Klasyfikacja Dziesiętna [ , ]
    • 2
    • Identyfikator wydania tablic
    • UDC-P058
    • 9
    • UKD
    • 6780
    • a
    • Symbol klasyfikacji
    • 911.3
    • b
    • Dopowiedzenie
    • Geografia człowieka. Geografia czynników kulturotwórczych. Antropogeografia. Geografia człowieka jako nauka. Ogólna geografia człowieka.
    • 4
    • UKD2
    • 8281
    • x
    • Poddział wspólny
    • (081.2)
    • c
    • Dopowiedzenie poddz. wspólnego
    • (Dzieła wybrane jednego autora).
080 -Uniwersalna Klasyfikacja Dziesiętna [ , ]
    • 2
    • Identyfikator wydania tablic
    • UDC-P058
    • 9
    • UKD
    • 6778
    • a
    • Symbol klasyfikacji
    • 911
    • b
    • Dopowiedzenie
    • Geografia ogólna. Geografia kompleksowa.
    • 4
    • UKD2
    • 8281
    • x
    • Poddział wspólny
    • (081.2)
    • c
    • Dopowiedzenie poddz. wspólnego
    • (Dzieła wybrane jednego autora).
080 -Uniwersalna Klasyfikacja Dziesiętna [ , ]
    • 2
    • Identyfikator wydania tablic
    • UDC-P058
    • 9
    • UKD
    • 6771
    • a
    • Symbol klasyfikacji
    • 91
    • b
    • Dopowiedzenie
    • Geografia. Opisy krajów. Podróże.
    • 4
    • UKD2
    • 8281
    • x
    • Poddział wspólny
    • (081.2)
    • c
    • Dopowiedzenie poddz. wspólnego
    • (Dzieła wybrane jednego autora).
600 -Hasło przedmiotowe w formie nazwy osobowej [1,7]
    • a
    • Nazwa osobowa
    • Rembowska, Krystyna
    • v
    • Określnik formalny
    • bibliografia.
    • 2
    • Źródło terminu
    • kaba
    • 9
    • KHW
    • 381195
650 -Hasło przedmiotowe [ ,7]
    • a
    • Hasło przedmiotowe
    • Geografia człowieka.
    • 2
    • Źródło terminu
    • kaba
    • 9
    • KHW
    • 109869
650 -Hasło przedmiotowe [ ,7]
    • a
    • Hasło przedmiotowe
    • Geografia ekonomiczna
    • x
    • Określnik rzeczowy
    • metodologia.
    • 2
    • Źródło terminu
    • kaba
    • 9
    • KHW
    • 365583
650 -Hasło przedmiotowe [ ,7]
    • a
    • Hasło przedmiotowe
    • Geografia kultury
    • x
    • Określnik rzeczowy
    • metodologia.
    • 2
    • Źródło terminu
    • kaba
    • 9
    • KHW
    • 381193
650 -Hasło przedmiotowe [ ,7]
    • a
    • Hasło przedmiotowe
    • Geografia społeczna
    • x
    • Określnik rzeczowy
    • metodologia.
    • 2
    • Źródło terminu
    • kaba
    • 9
    • KHW
    • 381194
650 -Hasło przedmiotowe [ ,7]
    • a
    • Hasło przedmiotowe
    • Geografia regionalna
    • x
    • Określnik rzeczowy
    • metodologia.
    • 2
    • Źródło terminu
    • kaba
    • 9
    • KHW
    • 381192
980 -Symbol UKD [ , ]
    • a
    • UKD
    • 91:911:911.3:308](081.2)
700 -Hasło dodatkowe - nazwa osobowa [1, ]
    • a
    • Nazwa osobowa (NP)
    • Suliborski, Andrzej Find
    • d
    • Daty biograficzne (NP)
    • (1945- ).
    • e
    • Określenie rodzaju współpracy
    • Red.
    • 9
    • KHW
    • 16614
710 -Hasło dodatkowe - nazwa ciała zbiorowego [2, ]
    • a
    • Nazwa ciała zbiorowego lub nazwa geograficzna jako pierwszy element (NP)
    • Uniwersytet Łódzki.
    • b
    • Nazwa jednostki podrzędnej (P)
    • Wydawnictwo.
    • 4
    • Kod relacji
    • pbl
    • 9
    • KHW
    • 52189
856 -Dostęp do wersji elektronicznej [4,1]
    • z
    • Uwaga
    • Otwarty Dostęp
920 -ISBN [ , ]
    • a
    • ISBN
    • 978-83-7525-952-0 Find
920 -ISBN [ , ]
    • a
    • ISBN
    • 978-83-7525-634-5 Find
Data inwentaryzacji Lokalizacja Status udost. Numer inwentarzowy
2013-11-08BG1Z.117669